I want to be a mathematician : an automathography /

Guardado en:
Autor Principal: Halmos, Paul R. 1916-2006.
Formato: Libro
Idioma:English
Publicado: New York : Springer-Verlag, c1985.
Materias:
Etiquetas: Agregar Etiqueta
Sin Etiquetas, Sea el primero en etiquetar este registro!
LEADER 00738pam a2200217 a 4500
001 MAT.inmabb003766
008 841121s1985####nyua##########001#0aeng##
005 20130208162422.0
245 1 0 |a I want to be a mathematician :  |b an automathography /  |c Paul R. Halmos. 
260 |a New York :  |b Springer-Verlag,  |c c1985. 
300 |a xv, 421 p. :  |b il. ;  |c 25 cm. 
500 |a Incluye índices. 
510 4 |a MR,  |c 86m:01059 
020 |a 0387960783 
100 1 |a Halmos, Paul R.  |q (Paul Richard),  |d 1916-2006. 
600 1 0 |a Halmos, Paul R.  |q (Paul Richard),  |d 1916- 
650 0 |a Mathematicians  |z United States  |x Biography. 
084 |a 01A70 (01A80)  |2 msc2000 
010 |a  84026688  
040 |a DLC  |c DLC  |d DLC 
859 |h 01A70  |i H194  |p A-7038  |b BIB. MATEMATICA